Democracy, accountability and representation. Parte One: Elections, Accountability, and Representation /

保存先:
書誌詳細
第一著者: Przeworski, Adam
その他の著者: ed. Stokes, Susan C ed. Manin, Bernard ed
フォーマット: テキスト
出版事項: Cambridge: Cambridge University Press
タグ: タグ追加
タグなし, このレコードへの初めてのタグを付けませんか!

MARC

LEADER 00000 a a2200000 04500
001 28778
003
040
020 |a 0 521 64616 2  
090 |a 189606  
100 |a Przeworski, Adam  
245 |a Democracy, accountability and representation. Parte One: Elections, Accountability, and Representation /  |c Adam Przeworski  
260 |a Cambridge:   |b Cambridge University Press  
300 |a 351 p  
500 |a Al final de la obra se encuentra un índice de autores y otro temático  
700 |a ed.   |a Stokes, Susan C   |a ed.   |a Manin, Bernard   |a ed.  
999 |c 12311  |d 12311